La "Epístola moral a Fabio", de Andrés Fernández de Andrada

Guardado en:
Bibliografiske detaljer
Hovedforfatter: Alonso, Dámaso
Format: Bog
Sprog:Undetermined
Udgivet: Madrid, España Gredos 1978
Fag:
Tags: Tilføj Tag
Ingen Tags, Vær først til at tagge denne postø!

MARC

LEADER 00000nam a2200000Ia 4500
008 170316s9999 xx 000 0 und d
040 |a cru BVZT 
090 |a 862 A-17ep 
100 |a Alonso, Dámaso 
245 |a La "Epístola moral a Fabio", de Andrés Fernández de Andrada 
260 |a Madrid, España 
260 |b Gredos 
260 |c 1978 
300 |a 285 páginas 
650 |a LITERATURA ESPAÑOLA 
999 |c 9380  |d 9380 
942 |c 15 D  |h 862 A-17ep  |2 z